000 00540nam a2200193Ia 4500
008 101110s9999 xx 000 0 und d
041 _aENGLISH
082 _bSR22708
100 _aPardesi P.C.
245 _aManagement and Human Resource Development - T.Y.B.Com.
365 _b100
520 _aCommerce
546 _aENGLISH
630 _aManagement and Human Resource Development - T.Y.B.Com.
650 _aCommerce
655 _aCommerce
730 _aManagement and Human Resource Development - T.Y.B.Com.
942 _cBOOK
999 _c815441
_d815438